La educación infantil de 0 a 3 años

সংরক্ষণ করুন:
গ্রন্থ-পঞ্জীর বিবরন
প্রধান লেখক: Goldschmied, Elinor (Author), Jackson, Sonia (Author)
বিন্যাস: গ্রন্থ
ভাষা:স্প্যানিশ
প্রকাশিত: Madrid Ediciones Morata S. L 2002
সংস্করন:2a. ed
মালা:Pedagogía Manuales
বিষয়গুলি:
ট্যাগগুলো: ট্যাগ যুক্ত করুন
কোনো ট্যাগ নেই, প্রথমজন হিসাবে ট্যাগ করুন!

MARC

LEADER 00000cam a2200000 a 4500
001 UCC4827
003 CL-VaPUC
008 180831e20020000sp |||||||||||||||||spa|d
020 |a 8471124378 
082 0 4 |a 372.21  |b GOL  |2 21 
100 0 |a Goldschmied, Elinor  |e author  |9 599021 
700 0 |a Jackson, Sonia  |e author  |9 599022 
245 1 3 |a La educación infantil de 0 a 3 años 
250 |a 2a. ed 
300 |a 255 p 
942 |c BK 
945 |d 20180831 12:04:00  |a dcastane 
260 |a Madrid  |b Ediciones Morata S. L  |c 2002 
650 0 |a Educación preescolar  |9 260381 
650 7 |a GUIAS PEDAGOGICAS  |2 CL-VaPUC  |9 599023 
650 7 |a MATERIAL DIDACTICO  |2 CL-VaPUC  |9 599024 
583 |a last modification  |c 20180831 12:04:00  |k Rodrigo Vera 
490 0 |a Pedagogía Manuales 
999 |c 372213  |d 372211